Vývoj zahraničnej politiky Slovenskej republiky a jej začlenenie do medzinárodných štruktúr diplomová práca

Saved in:
Bibliographic Details
Main Author: Švondrková, Barbora
Corporate Author: Fakulta medzinárodných vzťahov EU. Katedra medzinárodných ekonomických vzťahov a hospodárskej diplomacie
Other Authors: Baleha, Andrianna, 1990-
Format: Book
Language:Slovak
Published: Bratislava 2025
Tags: Add Tag
No Tags, Be the first to tag this record!

MARC

LEADER 00000nbm a2200000 4500
001 0309530
005 20260115135223.2
041 0 |a slo 
044 |a SK 
245 1 0 |a Vývoj zahraničnej politiky Slovenskej republiky a jej začlenenie do medzinárodných štruktúr  |b diplomová práca  |c Barbora Švondrková ; školiteľ: Andrianna Baleha 
264 1 |a Bratislava  |c 2025 
300 |a 80 s. 
100 1 |a Švondrková, Barbora 
700 1 |a Baleha, Andrianna, 1990- 
710 2 |a Fakulta medzinárodných vzťahov EU. Katedra medzinárodných ekonomických vzťahov a hospodárskej diplomacie